000 00216nam a2200097Ia 4500
008 170619s9999 xx 000 0 und d
100 _aSADIKU
245 0 _aPRINCIPLE OF ELECTROMAGNETICS
260 _bOxford
260 _c2010
546 _aENGLISH
999 _c19227
_d19227